مكتبة جامعة عجلون الوطنية

فهرس بحث المكتبة

Normal view MARC view
  • تاليف العباسي، الناصر لدين الله 575-622هجري/1179-1225م؛ تحقيق بدري محمد فهد؛ خرج احاديثة عبد الكريم بن رسمي آلدريني

Entry Personal Name

Number of records used in: 1

001 - CONTROL NUMBER

  • control field: 18609

003 - CONTROL NUMBER IDENTIFIER

  • control field: JO-AjAnu

005 - DATE AND TIME OF LATEST TRANSACTION

  • control field: 20230606073250.0

008 - FIXED-LENGTH DATA ELEMENTS

  • fixed length control field: 230606|| aca||aabn | a|a d

040 ## - CATALOGING SOURCE

  • Original cataloging agency: JO-AjAnu
  • Transcribing agency: JO-AjAnu

100 ## - HEADING--PERSONAL NAME

  • Personal name: تاليف العباسي، الناصر لدين الله 575-622هجري/1179-1225م؛ تحقيق بدري محمد فهد؛ خرج احاديثة عبد الكريم بن رسمي آلدريني

670 ## - SOURCE DATA FOUND

  • Source citation: Work cat.: (JO-AjAnu)9552: تاليف العباسي، الناصر لدين الله 575-622هجري/1179-1225م؛ تحقيق بدري محمد فهد؛ خرج احاديثة عبد الكريم بن رسمي آلدريني, author, كتاب روح العارفين من كلام سيد المرسلين